| 000 | 00394nam a2200157Ia 4500 | ||
|---|---|---|---|
| 008 | 230524s9999 xx 000 0 und d | ||
| 082 |
_a406 _bWEI |
||
| 100 | _aGeorge Weinberg | ||
| 245 | 0 | _aPractical Way To A Powerful Personality | |
| 250 | _a1ST | ||
| 260 |
_aNEW DELHI _bOrient _c2005 |
||
| 300 | _aI;241 | ||
| 500 | _aQuantity Number: 2 | ||
| 650 |
_aMiscellaneous _91877 |
||
| 942 | _cBK | ||
| 999 |
_c33740 _d33740 |
||